000 01448nam a2200313 a 4500
001 000008995
003 DO-SdBPM
005 20250624130156.0
007 ta
008 090922t1984 dr 000 e spa d
040 _aDO-SdBPM
_bspa
_cBPMSU
_erda
_d
082 _aRD864.44
_bC422s 1983
_222
100 1 _aCéspedes, Diógenes,
_d1941-
100 z _aCéspedes, D.
245 1 0 _aSeis ensayos sobre poética latinoamericana /
_cDiógenes Céspedes.
260 _aSanto Domingo :
_bTaller,
_c1984.
300 _a220p. ;
_c23 cm.
336 _atexto
_btxt
_2rdacontent
337 _asin mediación
_bn
_2rdamedia
338 _avolumen
_bnc
_2rdacarrier
500 _aIncluye bibliografía y notas al pie de las páginas.
500 _aIncluye datos biográficos en la contracubierta.
505 _aIntroducción, 9.-- Situación de Rubén Darío ante el lenguaje y la poesía, 13.-- Pedro Henríquez Ureña: lingüística y poesía, 41.-- Alfonso Reyes: poética y política de la traducción, 67.-- Los rechazos de Jorge Luis Borges, 91.-- Pablo Neruda: ¿Por o contra la poesía?, 115.-- El funcionamiento de los sagrado en la teoría poética de Octavio Paz, 153.-- Conclusión, 207.-- Bibliografía, 217.--
590 _aInventariado, 2025/VM
650 4 _aEnsayos latinoamericanos
_xHistoria y crítica
650 4 _aPoesía hispanoamericana
_xCrítica e interpretación
910 _aVMateo V. Control de calidad BPMSU
942 _2ddc
_cBK
999 _c15207
_d15207